[Event "Open Mediterranean 2017"]
[Site "Rijeka CRO"]
[Date "2009.12.04"]
[Round "8.43"]
[White "Pejic, Igor"]
[Black "Berke, Ana"]
[Result "0-1"]
[WhiteElo "1873"]
[BlackElo "2123"]
[PlyCount "120"]
[EventDate "2009.11.28"]
[EventType "swiss"]
[EventRounds "9"]
[EventCountry "CRO"]
[Source "lmi"]
[SourceDate "2009.11.28"]

1. Nf3 c5 2. c4 Nc6 3. d4 cxd4 4. Nxd4 Nf6 5. g3 g6 6. Nc3 Bg7 7. Nc2 O-O 8.
Bg2 d6 9. Rb1 Be6 10. Na3 Rc8 11. Qa4 Nd7 12. Nd5 Nc5 13. Qd1 Bf5 14. Nc2 Qa5+
15. Bd2 Qxa2 16. e4 Nxe4 17. Ra1 Qxb2 18. g4 Nxd2 19. gxf5 Nxc4 20. O-O e6 21.
Rb1 Qe5 22. f6 Bxf6 23. f4 Qf5 24. Be4 Qh3 25. Nxf6+ Kg7 26. Nd7 Ne3 27. Qd3
Qg4+ 28. Kh1 Nxf1 29. Nxf8 Rxf8 30. Rxf1 d5 31. Ne3 Qh4 32. Bg2 Qf6 33. f5 gxf5
34. Bxd5 Rd8 35. Nxf5+ exf5 36. Rxf5 Rxd5 37. Qxd5 Qe6 38. Rg5+ Kf8 39. Qf3
Qe1+ 40. Rg1 Qe5 41. Qa3+ Qe7 42. Qd3 Ne5 43. Qc3 Ng6 44. Re1 Qd7 45. Qa3+ Kg7
46. Qb2+ Kg8 47. Qa1 a6 48. Rd1 Qc6+ 49. Kg1 b5 50. Rd8+ Nf8 51. Qd4 Qc1+ 52.
Kf2 Qc2+ 53. Ke1 Qg6 54. Rd6 Ne6 55. Qb6 Qe4+ 56. Kf1 a5 57. Qxb5 Qf4+ 58. Kg2
Qxd6 59. Qxa5 Nf4+ 60. Kf3 Qd5+ 0-1

[Event "Open Mediterranean 2017"]
[Site "Rijeka CRO"]
[Date "2009.12.04"]
[Round "8.44"]
[White "Hamzic, Abid"]
[Black "Padjen, Zdenko"]
[Result "0-1"]
[WhiteElo "1843"]
[BlackElo "2082"]
[PlyCount "128"]
[EventDate "2009.11.28"]
[EventType "swiss"]
[EventRounds "9"]
[EventCountry "CRO"]
[Source "lmi"]
[SourceDate "2009.11.28"]

1. d4 f5 2. c4 Nf6 3. Nc3 g6 4. Nf3 Bg7 5. e3 d6 6. Bd3 O-O 7. O-O Nc6 8. Nd2
e5 9. d5 Ne7 10. f3 Nh5 11. e4 f4 12. b4 Kh8 13. Ne2 g5 14. g4 fxg3 15. hxg3 g4
16. Kg2 Qd7 17. Rh1 gxf3+ 18. Nxf3 Qg4 19. Qf1 Ng6 20. Qf2 Bd7 21. a4 Rf7 22.
Ra3 Raf8 23. Bc2 Kg8 24. c5 b6 25. c6 Bc8 26. b5 a5 27. Rc3 Nhf4+ 28. Nxf4 exf4
29. Rb3 fxg3 30. Qxg3 Rxf3 31. Rxf3 Rxf3 32. Qxg4 Bxg4 33. Bd1 Ne5 34. Rh4 Rf2+
35. Kxf2 Bxd1 36. Bf4 Bxa4 37. Bg5 Nf7 38. Be7 Bxb5 39. Rg4 h5 40. Rg3 Kh7 41.
Rf3 Bd4+ 42. Ke1 Ne5 43. Rh3 Nd3+ 44. Kd2 Nc5 45. Rxh5+ Kg6 46. Rh4 a4 47. Bd8
a3 48. Bxc7 a2 49. Rh1 Nxe4+ 50. Kc2 a1=Q 51. Rxa1 Bxa1 52. Bxb6 Bc4 53. c7 Ba6
54. Kb3 Kf7 55. Kb4 Ke8 56. Ka5 Bc8 57. Kb5 Kd7 58. Ba5 Nf6 59. Kb6 Nxd5+ 60.
Ka7 Ne7 61. Kb8 Nc6+ 62. Ka8 Nxa5 63. Kb8 d5 64. Ka7 d4 0-1

[Event "Open Mediterranean 2017"]
[Site "Rijeka CRO"]
[Date "2009.12.04"]
[Round "8.45"]
[White "Dujic, Marko"]
[Black "Klasan, Elvis"]
[Result "1/2-1/2"]
[WhiteElo "1735"]
[BlackElo "2066"]
[PlyCount "56"]
[EventDate "2009.11.28"]
[EventType "swiss"]
[EventRounds "9"]
[EventCountry "CRO"]
[Source "lmi"]
[SourceDate "2009.11.28"]

1. e4 c5 2. Nf3 Nc6 3. d4 cxd4 4. Nxd4 d6 5. Nc3 g6 6. Be2 Bg7 7. Be3 Nf6 8.
O-O O-O 9. Qd2 Bd7 10. f4 Qa5 11. Rad1 Ng4 12. Bxg4 Bxg4 13. Rde1 Bd7 14. Rf3
Rac8 15. f5 Ne5 16. Rg3 Nc4 17. Qc1 Nxe3 18. Qxe3 Qb4 19. Nb3 e6 20. Rf1 exf5
21. exf5 Rfe8 22. Qd2 Qb6+ 23. Kh1 Bxf5 24. Rxf5 gxf5 25. Rxg7+ Kxg7 26. Qg5+
Kh8 27. Qf6+ Kg8 28. Qg5+ Kh8 1/2-1/2

[Event "Open Mediterranean 2017"]
[Site "Rijeka CRO"]
[Date "2009.12.04"]
[Round "8.46"]
[White "Steinhart, Christoph"]
[Black "Thingstad, Anders"]
[Result "1/2-1/2"]
[WhiteElo "2045"]
[BlackElo "1914"]
[PlyCount "82"]
[EventDate "2009.11.28"]
[EventType "swiss"]
[EventRounds "9"]
[EventCountry "CRO"]
[Source "lmi"]
[SourceDate "2009.11.28"]

1. e4 c6 2. d4 d5 3. e5 c5 4. c3 Nc6 5. Nf3 Bg4 6. Be2 e6 7. O-O Bxf3 8. Bxf3
cxd4 9. cxd4 Qb6 10. Be3 Qxb2 11. Nd2 Qb6 12. Rb1 Qc7 13. Qb3 Rb8 14. Rfc1 Nge7
15. Be2 g6 16. Bg5 Bg7 17. Bxe7 Kxe7 18. Qa3+ Kd7 19. Bb5 Bh6 20. Rb2 a6 21.
Bxc6+ bxc6 22. Rbc2 Rb6 23. f4 Rhb8 24. g3 Bf8 25. Qa4 Bb4 26. Nb3 h5 27. Kg2
R8b7 28. h3 Rb8 29. Kf3 Qb7 30. Kg2 Qc7 31. h4 R8b7 32. Kh3 Rb8 33. a3 Bxa3 34.
Qxa3 Rxb3 35. Qxa6 R3b6 36. Qa4 R8b7 37. Qa3 Rb8 38. Rc3 Rc8 39. R3c2 Qb8 40.
Ra2 Rb3 41. Qc5 Rb7 1/2-1/2

[Event "Open Mediterranean 2017"]
[Site "Rijeka CRO"]
[Date "2009.12.04"]
[Round "8.48"]
[White "Gheng, Simona"]
[Black "Jerkovic, Maroje"]
[Result "0-1"]
[WhiteElo "2017"]
[BlackElo "1726"]
[PlyCount "78"]
[EventDate "2009.11.28"]
[EventType "swiss"]
[EventRounds "9"]
[EventCountry "CRO"]
[Source "lmi"]
[SourceDate "2009.11.28"]

1. e4 c5 2. Nf3 Nc6 3. d4 cxd4 4. Nxd4 e5 5. Nxc6 bxc6 6. Bc4 Nf6 7. Nc3 Bb4 8.
O-O Bxc3 9. bxc3 O-O 10. Bg5 h6 11. Bh4 Bb7 12. Bxf6 Qxf6 13. Qxd7 Bc8 14. Qd3
Rd8 15. Qe3 Bg4 16. f3 Be6 17. Bb3 a5 18. a4 Rab8 19. Rab1 Qe7 20. Bxe6 Qxe6
21. Rxb8 Rxb8 22. Qc5 Rb2 23. Rf2 Kh7 24. Rd2 f6 25. h4 Ra2 26. h5 Rxa4 27. Rd8
Ra1+ 28. Kh2 Qf7 29. g4 Qa2 30. Qf2 Rc1 31. Rd2 a4 32. f4 Qe6 33. g5 fxg5 34.
f5 Qf7 35. Qe2 a3 36. Rd1 Rxd1 37. Qxd1 a2 38. Kg3 Qc4 39. Qe1 Qa4 0-1

[Event "Open Mediterranean 2017"]
[Site "Rijeka CRO"]
[Date "2009.12.04"]
[Round "8.49"]
[White "Haug, Marianne Wold"]
[Black "Kolanovic, Kazimir"]
[Result "1-0"]
[WhiteElo "2005"]
[BlackElo "1673"]
[PlyCount "117"]
[EventDate "2009.11.28"]
[EventType "swiss"]
[EventRounds "9"]
[EventCountry "CRO"]
[Source "lmi"]
[SourceDate "2009.11.28"]

1. e4 e6 2. d4 d5 3. Nc3 Nf6 4. Bg5 Be7 5. e5 Nfd7 6. Bxe7 Qxe7 7. f4 a6 8. Nf3
c5 9. dxc5 Nxc5 10. Bd3 Nc6 11. O-O Qc7 12. Kh1 Ne7 13. Qd2 Bd7 14. a4 Nxd3 15.
cxd3 h5 16. Rfc1 Qa5 17. Ne4 Qxd2 18. Nd6+ Kf8 19. Nxd2 Rb8 20. Nf3 Nc6 21. Rc3
Ke7 22. Rb1 a5 23. Rbc1 Nb4 24. Ra1 Rhd8 25. b3 f6 26. Nh4 Kf8 27. d4 fxe5 28.
fxe5 Kg8 29. Rc7 Bc6 30. Re7 Bd7 31. Rf7 Nc6 32. Rd1 Nb4 33. Ng6 Be8 34. Rf8+
Kh7 35. Nf4 Bd7 36. Rxd8 Rxd8 37. Nxb7 Ra8 38. Nc5 Bc8 39. Nfxe6 Bxe6 40. Nxe6
Re8 41. Nf4 Rf8 42. g3 g5 43. Nxh5 Rf3 44. Re1 Nc2 45. Rd1 Rxb3 46. Nf6+ Kg6
47. Nxd5 Kf5 48. Rd2 Na3 49. Re2 Ke6 50. Nc7+ Ke7 51. e6 Nc4 52. Nd5+ Ke8 53.
e7 Nd6 54. Nc7+ Kd7 55. e8=Q+ Nxe8 56. Nxe8 Rb4 57. Nf6+ Kd8 58. Re8+ Kc7 59.
Nd5+ 1-0

[Event "Open Mediterranean 2017"]
[Site "Rijeka CRO"]
[Date "2009.12.05"]
[Round "9.1"]
[White "Bosiocic, Marin"]
[Black "Kozul, Zdenko"]
[Result "1/2-1/2"]
[WhiteElo "2575"]
[BlackElo "2604"]
[PlyCount "41"]
[EventDate "2009.11.28"]
[EventType "swiss"]
[EventRounds "9"]
[EventCountry "CRO"]
[Source "lmi"]
[SourceDate "2009.11.28"]

1. d4 Nf6 2. c4 d6 3. Nf3 Nbd7 4. Nc3 e5 5. e4 c6 6. Be2 Be7 7. O-O O-O 8. Re1
a6 9. Bf1 Re8 10. Rb1 b5 11. b4 exd4 12. Nxd4 Ne5 13. cxb5 cxb5 14. Rb3 Bb7 15.
Nf5 Bf8 16. Qd4 d5 17. Nxd5 Nxd5 18. exd5 Qxd5 19. Qxd5 Bxd5 20. Rbe3 f6 21. a3
1/2-1/2

[Event "Open Mediterranean 2017"]
[Site "Rijeka CRO"]
[Date "2009.12.05"]
[Round "9.2"]
[White "Kovacevic, Aleksandar"]
[Black "Lenic, Luka"]
[Result "1/2-1/2"]
[WhiteElo "2251"]
[BlackElo "2428"]
[PlyCount "23"]
[EventDate "2009.11.28"]
[EventType "swiss"]
[EventRounds "9"]
[EventCountry "CRO"]
[Source "lmi"]
[SourceDate "2009.11.28"]

1. e4 c5 2. Nf3 e6 3. c4 Nc6 4. Nc3 Nf6 5. Be2 d5 6. exd5 exd5 7. d4 cxd4 8.
Nxd4 Bb4 9. O-O O-O 10. Nxd5 Nxd5 11. Nxc6 bxc6 12. cxd5 1/2-1/2

[Event "Open Mediterranean 2017"]
[Site "Rijeka CRO"]
[Date "2009.12.05"]
[Round "9.3"]
[White "Safarli, Eltaj"]
[Black "Cvitan, Ognjen"]
[Result "1/2-1/2"]
[WhiteElo "2592"]
[BlackElo "2533"]
[PlyCount "97"]
[EventDate "2009.11.28"]
[EventType "swiss"]
[EventRounds "9"]
[EventCountry "CRO"]
[Source "lmi"]
[SourceDate "2009.11.28"]

1. e4 c6 2. d4 d5 3. Nc3 dxe4 4. Nxe4 Bf5 5. Ng3 Bg6 6. h4 h6 7. Nf3 Nd7 8. h5
Bh7 9. Bd3 Bxd3 10. Qxd3 e6 11. Bd2 Ngf6 12. O-O-O Qc7 13. Ne4 O-O-O 14. g3
Nxe4 15. Qxe4 Nf6 16. Qe2 Bd6 17. Kb1 Kb8 18. c4 c5 19. Bc3 cxd4 20. Nxd4 a6
21. Nb3 Qc6 22. Na5 Qb6 23. Qf3 Rd7 24. Nb3 Qc7 25. Bxf6 gxf6 26. Qxf6 Be5 27.
Rxd7 Bxf6 28. Rxc7 Kxc7 29. Rd1 Rg8 30. Nc5 Kc6 31. b4 Rg4 32. f4 Be7 33. Nd7
f6 34. Nb8+ Kc7 35. Rd7+ Kxb8 36. Rxe7 e5 37. fxe5 fxe5 38. Rxe5 Rxc4 39. Re6
Rxb4+ 40. Kc2 Rb5 41. g4 Rb4 42. Rg6 Ka7 43. Kd3 Ra4 44. Ke3 b5 45. Kf3 Ra3+
46. Kf4 Ra4+ 47. Kf3 Ra3+ 48. Kf4 Ra4+ 49. Kg3 1/2-1/2

[Event "Open Mediterranean 2017"]
[Site "Rijeka CRO"]
[Date "2009.12.05"]
[Round "9.4"]
[White "Ruck, Robert"]
[Black "Palac, Mladen"]
[Result "1/2-1/2"]
[WhiteElo "2556"]
[BlackElo "2578"]
[PlyCount "21"]
[EventDate "2009.11.28"]
[EventType "swiss"]
[EventRounds "9"]
[EventCountry "CRO"]
[Source "lmi"]
[SourceDate "2009.11.28"]

1. Nf3 d5 2. d4 Nf6 3. c4 e6 4. Nc3 Bb4 5. Bg5 Nbd7 6. cxd5 exd5 7. Qc2 O-O 8.
a3 Bxc3+ 9. Qxc3 h6 10. Bh4 c5 11. Bxf6 1/2-1/2

[Event "Open Mediterranean 2017"]
[Site "Rijeka CRO"]
[Date "2009.12.05"]
[Round "9.5"]
[White "Chatalbashev, Boris"]
[Black "Saric, Ante"]
[Result "1/2-1/2"]
[WhiteElo "2561"]
[BlackElo "2471"]
[PlyCount "85"]
[EventDate "2009.11.28"]
[EventType "swiss"]
[EventRounds "9"]
[EventCountry "CRO"]
[Source "lmi"]
[SourceDate "2009.11.28"]

1. d4 d5 2. c4 e6 3. Nf3 Nf6 4. Bg5 Be7 5. Nc3 c6 6. e3 Nbd7 7. Qc2 h6 8. Bh4
O-O 9. Rd1 b6 10. Be2 Bb7 11. O-O Rc8 12. Ne5 Nxe5 13. dxe5 Nd7 14. Bg3 Bh4 15.
Bxh4 Qxh4 16. f4 Qe7 17. Kh1 Rfd8 18. cxd5 cxd5 19. Rd4 f6 20. exf6 Nxf6 21.
Qg6 Qe8 22. Qg3 Ne4 23. Nxe4 dxe4 24. Rxd8 Rxd8 25. Bg4 Bd5 26. b3 Qc6 27. h4
Rf8 28. Kh2 Qc7 29. f5 Qxg3+ 30. Kxg3 g6 31. f6 Kf7 32. Rc1 a5 33. h5 gxh5 34.
Bxh5+ Kxf6 35. Rf1+ Ke7 36. Rxf8 Kxf8 37. Kf4 Ke7 38. Ke5 a4 39. bxa4 Bxa2 40.
Bd1 Bd5 41. Bc2 Bc6 42. g3 Bd7 43. Bd1 1/2-1/2

[Event "Open Mediterranean 2017"]
[Site "Rijeka CRO"]
[Date "2009.12.05"]
[Round "9.6"]
[White "Gajewski, Grzegorz"]
[Black "Drazic, Sinisa"]
[Result "1-0"]
[WhiteElo "2561"]
[BlackElo "2519"]
[PlyCount "73"]
[EventDate "2009.11.28"]
[EventType "swiss"]
[EventRounds "9"]
[EventCountry "CRO"]
[Source "lmi"]
[SourceDate "2009.11.28"]

1. d4 d5 2. Nf3 Nf6 3. c4 dxc4 4. e3 Be6 5. Nc3 a6 6. Ng5 Bg4 7. f3 Bd7 8. Bxc4
e6 9. d5 Nxd5 10. Nxd5 Nc6 11. f4 h6 12. Nxf7 Kxf7 13. Nc3 b5 14. Bb3 Na5 15.
Bc2 b4 16. Qh5+ Kg8 17. Qxa5 bxc3 18. O-O Qf6 19. bxc3 Bd6 20. Ba3 Kf7 21. Rfd1
Rhc8 22. Bxd6 cxd6 23. Rxd6 Ra7 24. Rad1 Bb5 25. Bb3 Re7 26. R6d4 Qf5 27. Qb4
Ke8 28. Rd6 g5 29. Qd4 Kf7 30. a4 Be2 31. Re1 Rb8 32. Bxe6+ Rxe6 33. Rxe6 Kxe6
34. Rxe2 Rb1+ 35. Kf2 Ra1 36. Rb2 Rb1 37. Qb6+ 1-0

[Event "Open Mediterranean 2017"]
[Site "Rijeka CRO"]
[Date "2009.12.05"]
[Round "9.7"]
[White "Kazhgaleyev, Murtas"]
[Black "Lovik, Lasse Ostebo"]
[Result "1-0"]
[WhiteElo "2653"]
[BlackElo "2379"]
[PlyCount "67"]
[EventDate "2009.11.28"]
[EventType "swiss"]
[EventRounds "9"]
[EventCountry "CRO"]
[Source "lmi"]
[SourceDate "2009.11.28"]

1. d4 d5 2. c4 e6 3. Nf3 Nf6 4. Nc3 c6 5. Qd3 Nbd7 6. g3 Bd6 7. Bg2 dxc4 8.
Qxc4 e5 9. O-O O-O 10. Rd1 Qc7 11. Qb3 a6 12. h3 h6 13. Be3 Re8 14. d5 c5 15.
a4 c4 16. Qa2 Rb8 17. Nd2 b5 18. axb5 axb5 19. Qa5 Qb7 20. Nde4 Nxe4 21. Nxe4
Qc7 22. Nc3 b4 23. Nb5 Qxa5 24. Rxa5 Bc5 25. Nc7 Bxe3 26. Nxe8 Bd4 27. Nd6 Nb6
28. Nxc8 Rxc8 29. Rb5 b3 30. e3 Bxb2 31. Rxb6 c3 32. Rc6 Rxc6 33. dxc6 c2 34.
Rf1 1-0

[Event "Open Mediterranean 2017"]
[Site "Rijeka CRO"]
[Date "2009.12.05"]
[Round "9.8"]
[White "Battaglini, Gabriel"]
[Black "Predojevic, Borki"]
[Result "0-1"]
[WhiteElo "2398"]
[BlackElo "2652"]
[PlyCount "116"]
[EventDate "2009.11.28"]
[EventType "swiss"]
[EventRounds "9"]
[EventCountry "CRO"]
[Source "lmi"]
[SourceDate "2009.11.28"]

1. d4 Nf6 2. c4 e6 3. Nc3 Bb4 4. Qc2 c5 5. dxc5 O-O 6. a3 Bxc5 7. Nf3 b6 8. e3
Bb7 9. Be2 Be7 10. O-O d6 11. b3 Nbd7 12. Bb2 a6 13. Rfd1 Rc8 14. Rac1 Rc7 15.
Qb1 Qa8 16. Ne1 Nc5 17. Ba1 Rfc8 18. f3 h5 19. Nd3 Ncd7 20. Nf2 h4 21. Qb2 Qa7
22. Nce4 d5 23. cxd5 Bxd5 24. Rxc7 Rxc7 25. Ng5 b5 26. e4 Bb7 27. Qd2 Bc5 28.
Bd4 Bxd4 29. Qxd4 Qxd4 30. Rxd4 Kf8 31. b4 Ke7 32. Rd1 Rc2 33. Bf1 Ra2 34. Rc1
Ne8 35. Rc3 Nd6 36. Nd1 Nb6 37. Ne3 Na4 38. Rb3 f6 39. Nh3 Bc6 40. Nf4 Be8 41.
Bd3 Bf7 42. Bb1 Rd2 43. Rd3 Rb2 44. Bc2 Nb6 45. Rc3 Nbc4 46. Nd3 Ra2 47. Bb3
Ra1+ 48. Kf2 e5 49. Nc2 Rd1 50. Bxc4 bxc4 51. Nc5 Rd2+ 52. Ke3 Rxg2 53. a4 f5
54. exf5 Bd5 55. Nd4 Rxh2 56. Nxa6 h3 57. Nc7 exd4+ 58. Kxd4 Bb7 0-1

[Event "Open Mediterranean 2017"]
[Site "Rijeka CRO"]
[Date "2009.12.05"]
[Round "9.9"]
[White "Neubauer, Martin"]
[Black "Jovanic, Ognjen"]
[Result "1/2-1/2"]
[WhiteElo "2452"]
[BlackElo "2552"]
[PlyCount "66"]
[EventDate "2009.11.28"]
[EventType "swiss"]
[EventRounds "9"]
[EventCountry "CRO"]
[Source "lmi"]
[SourceDate "2009.11.28"]

1. d4 d5 2. c4 c6 3. Nf3 Nf6 4. e3 Bf5 5. Nc3 e6 6. Nh4 Bg6 7. Nxg6 hxg6 8. g3
Nbd7 9. Bg2 dxc4 10. Qe2 e5 11. O-O Bd6 12. Qxc4 O-O 13. Rd1 exd4 14. exd4 Re8
15. Bg5 Qc7 16. Rac1 a6 17. b4 Nb6 18. Qb3 Qe7 19. d5 Nbxd5 20. Bxd5 cxd5 21.
Nxd5 Qe6 22. Bxf6 gxf6 23. Nc7 Qxb3 24. axb3 Bxc7 25. Rxc7 b5 26. Rdd7 Re1+ 27.
Kg2 Rf8 28. Rd6 f5 29. Rxa6 Re4 30. Rb6 Rxb4 31. Rc5 Rxb3 32. Rcxb5 Rxb5 33.
Rxb5 Kg7 1/2-1/2

[Event "Open Mediterranean 2017"]
[Site "Rijeka CRO"]
[Date "2009.12.05"]
[Round "9.10"]
[White "Cebalo, Miso"]
[Black "Bukal, Vladimir Jr"]
[Result "1-0"]
[WhiteElo "2483"]
[BlackElo "2387"]
[PlyCount "71"]
[EventDate "2009.11.28"]
[EventType "swiss"]
[EventRounds "9"]
[EventCountry "CRO"]
[Source "lmi"]
[SourceDate "2009.11.28"]

1. d4 d5 2. c4 e5 3. dxe5 d4 4. Nf3 Nc6 5. g3 Nge7 6. Bg2 Ng6 7. O-O Be7 8.
Nbd2 Ngxe5 9. b3 h5 10. Bb2 h4 11. Qb1 hxg3 12. hxg3 Qd6 13. Rd1 Qh6 14. Qe4 f5
15. Qd5 Be6 16. Qb5 a6 17. Qxb7 Ra7 18. Nxe5 Rxb7 19. Bxc6+ Kf8 20. Bxb7 f4 21.
Nf1 fxg3 22. fxg3 c5 23. Be4 Bg5 24. Bc1 Bf5 25. Bxg5 Qxg5 26. Bxf5 Qxf5 27.
Nf3 Rh6 28. b4 Re6 29. Rd2 d3 30. exd3 Rf6 31. N1h2 cxb4 32. Re1 Qh3 33. Rg2 a5
34. Ng5 Qf5 35. Nhf3 Qxd3 36. Rd2 1-0

[Event "Open Mediterranean 2017"]
[Site "Rijeka CRO"]
[Date "2009.12.05"]
[Round "9.11"]
[White "Kovacevic, Blazimir"]
[Black "Martinovic, Sasa"]
[Result "1-0"]
[WhiteElo "2558"]
[BlackElo "2598"]
[PlyCount "85"]
[EventDate "2009.11.28"]
[EventType "swiss"]
[EventRounds "9"]
[EventCountry "CRO"]
[Source "lmi"]
[SourceDate "2009.11.28"]

1. Nf3 Nf6 2. c4 g6 3. b4 Bg7 4. Bb2 O-O 5. g3 d6 6. Bg2 e5 7. d3 Nh5 8. Nc3
Bg4 9. Rb1 h6 10. Nd2 Qc8 11. Nd5 Re8 12. b5 c6 13. bxc6 bxc6 14. h3 Be6 15. g4
Nf6 16. Nxf6+ Bxf6 17. Ne4 Be7 18. Qd2 Qd8 19. Qxh6 Nd7 20. Bc1 Bf8 21. Qd2 d5
22. cxd5 cxd5 23. Nc3 Nc5 24. O-O Rc8 25. e3 d4 26. Ne4 Nxe4 27. Bxe4 f5 28.
gxf5 gxf5 29. Bg2 Bh6 30. Qe2 dxe3 31. Bxe3 f4 32. Bxa7 Qh4 33. Rb7 Bg7 34. Qe4
Qf6 35. Rfb1 Red8 36. R1b6 Rc1+ 37. Kh2 f3 38. Bxf3 Rf8 39. Rb8 Qg5 40. Rxf8+
Bxf8 41. Bg4 Bf7 42. Rb8 Kg7 43. Be3 1-0

[Event "Open Mediterranean 2017"]
[Site "Rijeka CRO"]
[Date "2009.12.05"]
[Round "9.12"]
[White "Lekic, Dusan"]
[Black "Doric, Darko"]
[Result "1-0"]
[WhiteElo "2387"]
[BlackElo "2470"]
[PlyCount "59"]
[EventDate "2009.11.28"]
[EventType "swiss"]
[EventRounds "9"]
[EventCountry "CRO"]
[Source "lmi"]
[SourceDate "2009.11.28"]

1. d4 d5 2. c4 e6 3. Nf3 c6 4. Nc3 dxc4 5. a4 Bb4 6. e3 b5 7. Bd2 a5 8. axb5
Bxc3 9. Bxc3 cxb5 10. b3 Bb7 11. bxc4 b4 12. Bb2 Nf6 13. Bd3 Nbd7 14. O-O O-O
15. Re1 Re8 16. e4 e5 17. c5 exd4 18. Rc1 Rc8 19. Bb5 Bxe4 20. Nxd4 Re5 21. c6
Nf8 22. Ba6 Rg5 23. f3 Bd5 24. Bxc8 Qxc8 25. Qd2 h6 26. h4 Rg3 27. c7 a4 28.
Qf4 Nh5 29. Qf5 Bxf3 30. Rc2 1-0

[Event "Open Mediterranean 2017"]
[Site "Rijeka CRO"]
[Date "2009.12.05"]
[Round "9.13"]
[White "Medancic, Rikard"]
[Black "Rukavina, Josip"]
[Result "1-0"]
[WhiteElo "2251"]
[BlackElo "2428"]
[PlyCount "107"]
[EventDate "2009.11.28"]
[EventType "swiss"]
[EventRounds "9"]
[EventCountry "CRO"]
[Source "lmi"]
[SourceDate "2009.11.28"]

1. d4 g6 2. c4 Bg7 3. Nc3 d6 4. e4 c5 5. d5 Nf6 6. f3 O-O 7. Bg5 e6 8. Qd2 exd5
9. cxd5 Re8 10. Bd3 a6 11. a4 Qa5 12. Nd1 Qxd2+ 13. Kxd2 Nbd7 14. Ne3 Ne5 15.
Be2 Rb8 16. Ra2 h5 17. Nh3 Bxh3 18. gxh3 Kh8 19. Rb1 Nh7 20. Bf4 b5 21. axb5
axb5 22. Kc2 Bf6 23. Ra6 Red8 24. Rba1 Ng5 25. Bxg5 Bxg5 26. Ng2 Bh6 27. Ra7
Kg8 28. R1a6 Bf8 29. f4 Nd7 30. Rc7 Nb6 31. Raa7 Nc8 32. Ra6 Re8 33. Bf3 Be7
34. b3 Bd8 35. Rd7 Bb6 36. Ra1 Re7 37. Rxe7 Nxe7 38. Nh4 c4 39. e5 Bd4 40. Rd1
dxe5 41. d6 Nc8 42. fxe5 Bxe5 43. d7 Nd6 44. Bd5 Kf8 45. Nf3 Bf6 46. Re1 Rb6
47. Ne5 Ra6 48. bxc4 bxc4 49. Rf1 Nf5 50. Nxc4 Ra5 51. Rxf5 Rc5 52. Rxf6 Rxd5
53. Nd6 Ke7 54. Rxf7+ 1-0

[Event "Open Mediterranean 2017"]
[Site "Rijeka CRO"]
[Date "2009.12.05"]
[Round "9.14"]
[White "Dancevski, Orce"]
[Black "Getz, Nicolai"]
[Result "1-0"]
[WhiteElo "2418"]
[BlackElo "2270"]
[PlyCount "97"]
[EventDate "2009.11.28"]
[EventType "swiss"]
[EventRounds "9"]
[EventCountry "CRO"]
[Source "lmi"]
[SourceDate "2009.11.28"]

1. e4 e5 2. Nf3 Nc6 3. d4 exd4 4. Nxd4 Nf6 5. Nxc6 bxc6 6. e5 Qe7 7. Qe2 Nd5 8.
c4 Nb6 9. Nd2 Bb7 10. b3 c5 11. Bb2 Qe6 12. O-O-O Be7 13. f4 O-O 14. Qh5 g6 15.
Qh6 g5 16. Qh5 Qg6 17. Qh3 gxf4 18. Rg1 f5 19. g4 fxg3 20. Rxg3 Bg5 21. Bd3 Be4
22. Bxe4 fxe4 23. Qg2 Rf5 24. Qxe4 Rd8 25. Rdg1 Kf7 26. Qxf5+ Qxf5 27. Rxg5 Qh3
28. Rg7+ Ke6 29. Rf1 Nd5 30. cxd5+ Kxd5 31. Rf3 Qxh2 32. e6 Qh1+ 33. Kc2 Kc6
34. e7 Re8 35. Rf8 Qh5 36. Rxe8 Qxe8 37. Bf6 h5 38. Bh4 d5 39. Rg3 Kd7 40. Kc1
Qh8 41. Rf3 c4 42. Rf8 Qc3+ 43. Kd1 Qa1+ 44. Ke2 Qe5+ 45. Kf1 Qa1+ 46. Kg2 Qg7+
47. Kh1 Qa1+ 48. Nf1 Qe5 49. Rd8+ 1-0

[Event "Open Mediterranean 2017"]
[Site "Rijeka CRO"]
[Date "2009.12.05"]
[Round "9.15"]
[White "Drljevic, Ljilja"]
[Black "Loncar, Robert"]
[Result "0-1"]
[WhiteElo "2218"]
[BlackElo "2406"]
[PlyCount "58"]
[EventDate "2009.11.28"]
[EventType "swiss"]
[EventRounds "9"]
[EventCountry "CRO"]
[Source "lmi"]
[SourceDate "2009.11.28"]

1. e4 e5 2. Nf3 Nc6 3. Nc3 Nf6 4. d4 Bb4 5. d5 Ne7 6. Nxe5 O-O 7. Qd4 Bxc3+ 8.
bxc3 d6 9. Nf3 c5 10. Qd3 Re8 11. Nd2 Nexd5 12. f3 Nf4 13. Qe3 N6d5 14. Qf2
Nxc3 15. Bb2 Na4 16. Bc1 a6 17. g3 Ng6 18. Bg2 Qf6 19. Rb1 Qc3 20. O-O Qxc2 21.
h4 Ne5 22. Qe3 Qc3 23. Qg5 h6 24. Qf4 Qd4+ 25. Kh2 Nd3 26. Nb3 Nxf4 27. Nxd4
Nxg2 28. Ne2 Be6 29. Rxb7 Bc4 0-1

[Event "Open Mediterranean 2017"]
[Site "Rijeka CRO"]
[Date "2009.12.05"]
[Round "9.16"]
[White "Sale, Srdjan"]
[Black "Kozarcanin, Sead"]
[Result "1-0"]
[WhiteElo "2387"]
[BlackElo "2470"]
[PlyCount "87"]
[EventDate "2009.11.28"]
[EventType "swiss"]
[EventRounds "9"]
[EventCountry "CRO"]
[Source "lmi"]
[SourceDate "2009.11.28"]

1. c4 c6 2. e4 d5 3. exd5 cxd5 4. cxd5 Qxd5 5. Nc3 Qd8 6. Nf3 Nf6 7. d4 e6 8.
Bd3 Nc6 9. O-O Be7 10. Re1 O-O 11. a3 b6 12. Bc2 Bb7 13. Qd3 g6 14. Bh6 Re8 15.
Rad1 Bf8 16. Bg5 h6 17. Bh4 Be7 18. Rxe6 g5 19. Bg3 Kg7 20. h4 g4 21. Rxf6 Bxf6
22. Qh7+ Kf8 23. Ne5 Bg7 24. Nxg4 Nxd4 25. Nxh6 Qf6 26. Bd6+ Qxd6 27. Qg8+ Ke7
28. Qxg7 Kd7 29. Nf5 Nf3+ 30. gxf3 Qxd1+ 31. Bxd1 Rg8 32. Ba4+ Ke6 33. Nd4+ Ke7
34. Qg3 Rad8 35. Nce2 Rxg3+ 36. fxg3 Kf6 37. Kf2 a6 38. g4 b5 39. Bc2 Rc8 40.
Bd3 Rh8 41. h5 Rd8 42. f4 Bd5 43. h6 Bc4 44. g5+ 1-0

[Event "Open Mediterranean 2017"]
[Site "Rijeka CRO"]
[Date "2009.12.05"]
[Round "9.17"]
[White "Arvola, Benjamin"]
[Black "Mitkov, Marjan"]
[Result "0-1"]
[WhiteElo "2207"]
[BlackElo "2395"]
[PlyCount "48"]
[EventDate "2009.11.28"]
[EventType "swiss"]
[EventRounds "9"]
[EventCountry "CRO"]
[Source "lmi"]
[SourceDate "2009.11.28"]

1. e4 e5 2. Nf3 Nc6 3. Bb5 a6 4. Ba4 Nf6 5. O-O b5 6. Bb3 Bc5 7. c3 d6 8. d4
Bb6 9. dxe5 dxe5 10. Qxd8+ Nxd8 11. Nxe5 Bb7 12. Bg5 Nxe4 13. Bxd8 f6 14. Bxc7
Bxc7 15. Nf3 O-O-O 16. Na3 Nd2 17. Nxd2 Rxd2 18. c4 b4 19. Nc2 a5 20. c5 Re8
21. Rfe1 Re5 22. Ne3 Rxc5 23. Nf5 Kb8 24. Nxg7 Rg5 0-1

[Event "Open Mediterranean 2017"]
[Site "Rijeka CRO"]
[Date "2009.12.05"]
[Round "9.18"]
[White "Debray, Christopher"]
[Black "Franciskovic, Borka"]
[Result "1-0"]
[WhiteElo "2358"]
[BlackElo "2215"]
[PlyCount "105"]
[EventDate "2009.11.28"]
[EventType "swiss"]
[EventRounds "9"]
[EventCountry "CRO"]
[Source "lmi"]
[SourceDate "2009.11.28"]

1. d4 Nf6 2. c4 e6 3. Nc3 Bb4 4. e3 b6 5. Nge2 Bb7 6. a3 Be7 7. d5 d6 8. e4 c6
9. Ng3 O-O 10. Be2 Na6 11. O-O cxd5 12. exd5 exd5 13. cxd5 Nc7 14. Bf3 g6 15.
Bh6 Re8 16. Qd4 Bf8 17. Bxf8 Rxf8 18. Rfe1 Nd7 19. Nge4 Ne5 20. Bd1 Ne8 21. Ba4
Ng7 22. Nxd6 Nf3+ 23. gxf3 Qxd6 24. Ne4 Qd8 25. Nf6+ Kh8 26. Qe5 a6 27. Bd7
Bxd5 28. Nxd5 Qxd7 29. Nxb6 Qd8 30. Nxa8 Qxa8 31. Qe4 Qb8 32. Qb4 Qa8 33. Rad1
Kg8 34. Qe4 Qb8 35. Qe5 Qb3 36. Qc3 Qb7 37. Rd4 Ne6 38. Rb4 Qd5 39. Qe3 Qf5 40.
Kg2 h5 41. Qe5 Qc2 42. Qf6 Ng7 43. Rb7 Qc4 44. Re4 Qd5 45. Reb4 h4 46. Rb8 h3+
47. Kxh3 Ne6 48. Rxf8+ Nxf8 49. Rb8 a5 50. Kg2 Qc5 51. b4 axb4 52. axb4 Qc7 53.
Qd8 1-0